El anteproyecto de Código Civil suizo (Record no. 22230)

MARC details
000 -LEADER
campo de control de longitud fija 00767nam a2200205 i 4500
001 - NÚMERO DE CONTROL
campo de control 22230
003 - IDENTIFICADOR DE NÚMERO DE CONTROL
campo de control ES-MaACL
005 - FECHA Y HORA DE LA ÚLTIMA TRANSACCIÓN
campo de control 20240203062541.0
007 - CAMPO FIJO DE DESCRIPCIÓN FÍSICA--INFORMACIÓN GENERAL
campo de control de longitud fija t|
008 - DATOS DE LONGITUD FIJA--INFORMACIÓN GENERAL
campo de control de longitud fija 021202s1910 sp ||||1| spa d
100 1# - ENTRADA PRINCIPAL--NOMBRE DE PERSONA
Nombre de persona Algarra y Postius, Jaime.
9 (RLIN) 19887
245 13 - MENCIÓN DEL TÍTULO
Título El anteproyecto de Código Civil suizo
Resto del título : los modos de adquirir la propiedad según el mismo comparados con los de la legislación española : tesis doctoral /
Mención de responsabilidad, etc. Jaime Algarra y Postius.
260 ## - PUBLICACIÓN, DISTRIBUCIÓN, ETC.
Lugar de publicación, distribución, etc. Barcelona :
Nombre del editor, distribuidor, etc. [s.n.],
Fecha de publicación, distribución, etc. 1910 (
Fabricante Imp. y Librería de Montserrat)
300 ## - DESCRIPCIÓN FÍSICA
Extensión 64 p. ;
Dimensiones 21 cm.
502 ## - NOTA DE TESIS
Nota de tesis Tesi-Univ. Central (Madrid)
650 #4 - PUNTO DE ACCESO ADICIONAL DE MATERIA--TÉRMINO DE MATERIA
Término de materia o nombre geográfico como elemento de entrada Derecho civil-
Subdivisión geográfica Suiza.
9 (RLIN) 163297
710 2# - ENTRADA AGREGADA--NOMBRE DE ENTIDAD CORPORATIVA
Nombre de entidad corporativa o nombre de jurisdicción como elemento de entrada Universidad Central (Madrid)
9 (RLIN) 7084
852 ## - LOCALIZACIÓN
Ubicación ES-MaACL
Número de control de estantería T-1222-F-6
Holdings
Estatus retirado Estado de pérdida Estado de daño No para préstamo Colección Biblioteca de origen Biblioteca actual Ubicación en estantería Fecha de adquisición Fuente de adquisición Total de préstamos Signatura topográfica completa Código de barras Visto por última vez Precio de reemplazo Tipo de ítem Koha
        Colección de folletos Biblioteca del Ateneo de Madrid Biblioteca del Ateneo de Madrid Depósito folletos 17/01/2008     T-1222-F-6 1022880 23/02/2023 23/02/2023 Folleto